[Event "EU-chT (Women) 24th"]
[Site "Budva"]
[Date "2023.11.13"]
[Round "3.9"]
[White "Hunt, Harriet"]
[Black "Sinitsina, Anastassia"]
[Result "0-1"]
[WhiteElo "2315"]
[BlackElo "2221"]
[PlyCount "162"]
[EventDate "2023.11.11"]
[EventType "team-swiss"]
[EventRounds "9"]
[EventCountry "MNE"]
[SourceTitle "CB47_2023"]
[SourceDate "2023.11.22"]
[SourceVersion "1"]
[SourceVersionDate "2023.11.22"]
[SourceQuality "1"]
[WhiteTeam "England (W)"]
[BlackTeam "Estonia (W)"]
[WhiteTeamCountry "ENG"]
[BlackTeamCountry "EST"]

1. e4 e5 2. Nf3 Nc6 3. Bb5 a6 4. Ba4 Nf6 5. d3 b5 6. Bb3 Bc5 7. 0-0 0-0 8. a4 Rb8 9. axb5 axb5 10. h3 h6 11. Re1 d6 12. c3 Re8 13. Nbd2 Bb6 14. Nf1 Ne7 15. Ng3 Ng6 16. Nh2 c6 17. Qf3 Nh4 18. Qe2 d5 19. Be3 Bxe3 20. Qxe3 Be6 21. Bc2 Rb7 22. Ra6 Qd7 23. Nf3 Nxf3+ 24. Qxf3 dxe4 25. Nxe4 Nxe4 26. Qxe4 Bd5 27. Qe3 Be6 28. Qg3 Bd5 29. Qg4 Qxg4 30. hxg4 Rbe7 31. d4 g6 32. dxe5 Rxe5 33. Rxe5 Rxe5 34. Ra1 Re2 35. Rc1 Kg7 36. b3 Kf6 37. Kf1 Re7 38. Bd1 Ra7 39. c4 bxc4 40. bxc4 Be6 41. Be2 Ke5 42. Bf3 c5 43. Be2 Kd4 44. Rd1+ Kc3 45. f4 Ra2 46. f5 gxf5 47. gxf5 Bxf5 48. Rd5 Be6 49. Rxc5 Kd4 50. Rc7 Ke3 51. Bd1 Ra1 52. Ke1 Bg4 53. Re7+ Kd3 54. Rxf7 Rxd1+ 55. Kf2 Kxc4 56. Ke3 h5 57. Rf4+ Kd5 58. Rb4 Ke5 59. Rb8 Kf6 60. Kf4 Rd4+ 61. Kg3 Be6 62. Rb6 Kf5 63. Rb2 Bd5 64. Rf2+ Kg5 65. Re2 Be4 66. Rb2 Rd3+ 67. Kh2 Rc3 68. Rb4 Bf5 69. Rb8 Rc8 70. Rb7 Rc2 71. Rg7+ Kf4 72. Rg3 h4 73. Rf3+ Kg5 74. Re3 h3 75. Rg3+ Kh4 76. Rg8 Bg4 77. Rh8+ Kg5 78. Rg8+ Kf4 79. Rf8+ Ke5 80. Rg8 Rxg2+ 81. Kh1 Be6 0-1

[Event "Kuressaare EST-LAT-LTU"]
[Site "Kuressaare"]
[Date "2023.06.01"]
[Round "1.8"]
[White "Vidruska, Renate"]
[Black "Sinitsina, Anastassia"]
[Result "1/2-1/2"]
[WhiteElo "1991"]
[BlackElo "2207"]
[PlyCount "113"]
[EventDate "2023.06.01"]
[EventType "team-tourn"]
[EventRounds "3"]
[EventCountry "EST"]
[SourceTitle "CBM 214 Extra"]
[Source "ChessBase"]
[SourceDate "2023.07.31"]
[SourceVersion "1"]
[SourceVersionDate "2023.07.31"]
[SourceQuality "1"]
[WhiteTeam "Latvia"]
[BlackTeam "Estonia"]
[WhiteTeamCountry "LAT"]
[BlackTeamCountry "EST"]

1. e4 c5 2. Nf3 e6 3. d4 cxd4 4. Nxd4 Nc6 5. Nc3 Qc7 6. Be3 a6 7. f4 b5 8. Nxc6 Qxc6 9. Bd3 Bb7 10. a4 b4 11. Ne2 Bc5 12. Qd2 Nf6 13. Ng3 h5 14. Bxc5 Qxc5 15. e5 Ng4 16. Be4 Qb6 17. 0-0-0 Rd8 18. Bxb7 Qxb7 19. Qe2 g6 20. Ne4 Kf8 21. h3 Nh6 22. g4 hxg4 23. hxg4 Kg7 24. Nf6 Qc6 25. b3 Rc8 26. Rh3 Qc5 27. Rhd3 d5 28. exd6 Kxf6 29. g5+ Kg7 30. gxh6+ Rxh6 31. d7 Rd8 32. Rd6 a5 33. Kb1 Rh5 34. Qe4 Qa7 35. Qc6 Qe3 36. Qc7 Rhh8 37. R6d3 Qe4 38. Rd4 Qf5 39. Rc4 Qg4 40. Qe5+ f6 41. Qd6 Kf7 42. Rc8 Qf5 43. Rxd8 Rxd8 44. Rh1 g5 45. fxg5 fxg5 46. Qd1 Ke7 47. Rf1 Rxd7 48. Qe2 Qd5 49. Qh5 Kd8 50. Rg1 Kc7 51. Qg4 Rg7 52. Rd1 Qc5 53. Rd4 Kb6 54. Rc4 Qd5 55. Qg1+ Kb7 56. Rc5 Qe4 57. Qd1 1/2-1/2

[Event "LTU-chT (Women)"]
[Site "Klaipeda"]
[Date "2023.03.04"]
[Round "1"]
[White "Sinitsina, Anastassia"]
[Black "Butvilaite, Berta Reja"]
[Result "1-0"]
[WhiteElo "2201"]
[BlackElo "1778"]
[PlyCount "109"]
[EventDate "2023.03.04"]
[EventType "team-swiss"]
[EventRounds "6"]
[EventCountry "LTU"]
[SourceTitle "CBM 213 Extra"]
[Source "ChessBase"]
[SourceDate "2023.05.31"]
[SourceVersion "1"]
[SourceVersionDate "2023.05.31"]
[SourceQuality "1"]
[WhiteTeam "Kaunas Security (W)"]
[BlackTeam "Vilnius Valdove (W)"]
[WhiteTeamCountry "LTU"]
[BlackTeamCountry "LTU"]

1. e4 c5 2. Nc3 Nc6 3. Bb5 g6 4. Bxc6 bxc6 5. d3 Bg7 6. f4 Nf6 7. Nf3 Qb6 8. Qe2 Ba6 9. Nd2 0-0 10. Qe3 d5 11. Qf3 c4 12. e5 Nd7 13. dxc4 dxc4 14. Nde4 Rfd8 15. Rb1 f5 16. Ng5 Nf8 17. Be3 Qc7 18. Qf2 h6 19. Nf3 Ne6 20. 0-0 c5 21. Rfd1 Bb7 22. Qe2 Bxf3 23. Qxf3 Nd4 24. Qf2 Qb6 25. Na4 Qa5 26. Nxc5 Qxc5 27. Bxd4 Qa5 28. a3 e6 29. Bc3 Qc7 30. Bb4 a5 31. Bc5 Qb7 32. Rd4 c3 33. b3 Bf8 34. Bxf8 Kxf8 35. Rbd1 Qe7 36. Rxd8+ Rxd8 37. Rxd8+ Qxd8 38. Qc5+ Kf7 39. Qxc3 Qd1+ 40. Kf2 Qc1 41. Qc7+ Kg8 42. Qc4 Qd2+ 43. Kf3 Qd1+ 44. Qe2 Qd5+ 45. Kg3 Qc5 46. Qd3 Qxa3 47. Qd7 Qc1 48. Qxe6+ Kf8 49. Qf6+ Ke8 50. Qxg6+ Kd8 51. Qxf5 Qe3+ 52. Kh4 Qf2+ 53. Kh3 Qe3+ 54. g3 Qe2 55. Qd3+ 1-0

[Event "EU-ch U18 Girls 30th"]
[Site "Antalya"]
[Date "2022.11.14"]
[Round "9"]
[White "Sinitsina, Anastassia"]
[Black "Garifullina, Leya"]
[Result "1/2-1/2"]
[WhiteElo "2149"]
[BlackElo "2364"]
[PlyCount "114"]
[EventDate "2022.11.06"]
[EventType "swiss"]
[EventRounds "9"]
[EventCountry "TUR"]
[SourceTitle "CBM 211 Extra"]
[Source "ChessBase"]
[SourceDate "2023.01.31"]
[SourceVersion "1"]
[SourceVersionDate "2023.01.31"]
[SourceQuality "1"]

1. e4 e5 2. Nf3 Nc6 3. Bb5 Nf6 4. d3 Bc5 5. 0-0 d6 6. h3 0-0 7. c3 Ne7 8. Ba4 Bb6 9. Nbd2 c6 10. Bc2 Ng6 11. d4 Re8 12. Re1 Bc7 13. Nf1 h6 14. Ng3 Be6 15. Be3 a5 16. a4 Qd7 17. Bd3 Rad8 18. Qd2 Qe7 19. Rad1 Qf8 20. Qc1 Bc8 21. Bc2 Be6 22. Bd3 Kh8 23. Bc2 Qg8 24. Nf5 Bxf5 25. exf5 Nf8 26. dxe5 dxe5 27. Rxd8 Rxd8 28. Nd2 N8d7 29. Nc4 Qf8 30. Bd2 Re8 31. b4 axb4 32. cxb4 Nb6 33. Bb3 Nbd5 34. b5 e4 35. bxc6 bxc6 36. a5 Ra8 37. Ba4 Qc5 38. Qc2 Nb4 39. Qb3 Nd3 40. Be3 Qd5 41. Rd1 Rb8 42. Qc3 Qxf5 43. Bxc6 Nb4 44. Ba4 Nbd5 45. Qa3 Nxe3 46. Qxe3 Rb4 47. Bb3 Qb5 48. Nd2 Qxa5 49. Bxf7 Qe5 50. Nf1 Kh7 51. Qe2 Rb2 52. Rd2 Rb1 53. Rd1 Rb2 54. Rd2 Rb1 55. Rd1 Rb8 56. Ba2 Rb2 57. Rd2 Rxd2 1/2-1/2

[Event "EU-ch U18 Girls 30th"]
[Site "Antalya"]
[Date "2022.11.12"]
[Round "7"]
[White "Sinitsina, Anastassia"]
[Black "Hryzlova, Sofiia"]
[Result "1-0"]
[WhiteElo "2149"]
[BlackElo "2092"]
[PlyCount "101"]
[EventDate "2022.11.06"]
[EventType "swiss"]
[EventRounds "9"]
[EventCountry "TUR"]
[SourceTitle "CBM 211 Extra"]
[Source "ChessBase"]
[SourceDate "2023.01.31"]
[SourceVersion "1"]
[SourceVersionDate "2023.01.31"]
[SourceQuality "1"]

1. e4 e6 2. d4 d5 3. Nc3 Nf6 4. Bg5 Bb4 5. e5 h6 6. Bc1 Ne4 7. Qg4 Kf8 8. Nge2 c5 9. a3 cxd4 10. axb4 dxc3 11. Nxc3 Qc7 12. Nxe4 Qxe5 13. Bd3 dxe4 14. Qxe4 Qxe4+ 15. Bxe4 f5 16. Bf3 Nc6 17. Bxc6 bxc6 18. Bf4 Kf7 19. 0-0 Rd8 20. Rfd1 Rxd1+ 21. Rxd1 a5 22. Ra1 a4 23. Be5 g5 24. f4 gxf4 25. Ra3 f3 26. gxf3 Bd7 27. Kf2 Ra7 28. f4 Be8 29. Bd4 Rd7 30. Be3 c5 31. bxc5 Rb7 32. Bd4 Rb4 33. Rd3 Bc6 34. Rd2 Bd5 35. Kg3 Rb8 36. Be5 Rg8+ 37. Kf2 Ke7 38. Ke3 Rg1 39. Kd4 Rc1 40. Kc3 Be4 41. Bc7 h5 42. Bd8+ Ke8 43. Bg5 Kf7 44. Bd8 Ke8 45. Bf6 Kf7 46. Bd4 h4 47. Kb4 Bxc2 48. Kb5 Be4 49. Kxa4 h3 50. Kb5 Ke8 51. Bc3 1-0